| Поле | Название | Значение |
| |
Тип записи |
a |
| |
Библиографический уровень |
m |
| 001 |
Контрольный номер |
RU/SLIB/B/208791264 |
| 005 |
Дата корректировки |
20201206204421.2 |
| 010 |
Индекс ISBN |
__ |
| a |
ISBN |
5-86007-406-9 |
| d |
Цена |
330-00 |
| 100 |
Данные общей обработки |
__ |
| a |
Данные общей обработки |
19040428d2004 |||y0rusy0189 ca |
| 101 |
Язык документа |
__ |
| a |
Язык текста |
rus |
| c |
Язык оригинала |
rus |
| 102 |
Страна публикации |
__ |
| a |
Страна публикации |
RU |
| 105 |
Кодированные данные (монография) |
__ |
| a |
Кодированные данные (монография) |
a |||||||zy |
| 200 |
Заглавие и сведения об ответственности |
1_ |
| a |
Заглавие |
Церемонии, празднества, музыка русского двора |
| e |
Сведения, относящиеся к заглавию |
XVIII - нач. XIX в. |
| f |
Первые сведения об ответственности |
Н. А. Огаркова ; Рос. ин-т истории искусств |
| b |
Общее обозначение материала |
Текст |
| 210 |
Выходные данные |
__ |
| a |
Место издания |
СПб. |
| c |
Издательство |
Дмитрий Буланин |
| d |
Дата издания |
2004 |
| 215 |
Физическое описание |
__ |
| a |
Объем |
344, [4] c., [32] л. ил. |
| c |
Иллюстрации/тип воспроизводства |
портр., ил., нот. ил. |
| 320 |
Библиография |
__ |
| a |
Библиография |
Указ. имен: с. 330-345 |
| 320 |
Библиография |
__ |
| a |
Библиография |
Библиогр.: с. 306-321 |
| 330 |
Аннотация |
__ |
| a |
Аннотация |
Музыка в церемониальной и частной жизни русского двора XVIII - начала XIXвека, формы музыкального досуга русской аристократии. |
| 606 |
Тематические рубрики |
__ |
| a |
Основная рубрика |
Музыка и зрелищные искусства |
| z |
Хронологическая подрубрика |
18 в.; 19 в. |
| y |
Географическая подрубрика |
Россия |
| 606 |
Тематические рубрики |
__ |
| a |
Основная рубрика |
История музыки |
| 610 |
Ключевые слова |
__ |
| a |
Ключевые слова |
русская аристократия; придворная знать; аристократы; монархи; персоналии; европейская музыка; придворные музыканты; династические праздники; церемонии; коронация; обеды; балы; бракосочетание; погребения; кавалерские праздники; викториальные праздники; церемониальная музыка; музыкальные панегирики; панегирические канты; кантаты; серенады; прологи; хоры; оперы; церемониальные танцы; полонез; французские романсы; история музыки |
| 686 |
Индексы других классификаций |
__ |
| a |
Классификационный индекс |
85.313(2) |
| 700 |
Автор |
_1 |
| a |
Фамилия |
Огаркова |
| b |
Имя |
Н. А. |
| g |
Полное личное имя |
Наталия Алексеевна |
| 4 |
Код отношения |
070 |
| 801 |
Источник записи |
_0 |
| a |
Страна |
RU |
| b |
Организация |
Муниципальное бюджетное учреждение культуры "Централизованная библиотечная система" г. Сургут (Центральная городская библиотека им. А. С. Пушкина) |
| c |
Дата составления |
20040428 |
| g |
Правила каталогизации |
КиК/Дорошева |
| 801 |
Источник записи |
_1 |
| a |
Страна |
RU |
| b |
Организация |
Муниципальное бюджетное учреждение культуры "Централизованная библиотечная система" г. Сургут (Центральная городская библиотека им. А. С. Пушкина) |
| c |
Дата составления |
20040428 |
| g |
Правила каталогизации |
КиК/Дорошева |
| 852 |
Данные о местонахождении |
__ |
| j |
Шифр хранения |
85.313(2=411.2)5 |
| c |
Каталожный индекс |
85.313(2=411.2)5 |
| i |
Авторский знак |
О-36 |
| 901 |
Тип документа |
__ |
| t |
Тип документа |
m |
| 903 |
Характеристики (МАРС) |
__ |
| a |
Дата передачи |
20060809 |
| 990 |
Данные о заказе (DOS) |
__ |
| j |
Количество экземпляров (DOS) |
1 |
| t |
N записи в КСУ для И/У (DOS) |
200609 |